Evolució de la gestió publica : actualització 1995 / OCDE [Organització de Cooperació i de Desenvolupament Econòmic] actualització 1995 / OCDE [Organització de Cooperació i de Desenvolupament Econòmic]
ISBN:
84-7794-483-0
Descripción Física:
56 p. ; 21 cm
Colección:
Perspectiva / Diputació de Barcelona ; 4
Materias:
Administració pública
MARC
| LEADER | 00000nam a2200000Ia 4500 | ||
|---|---|---|---|
| 001 | 11483 | ||
| 008 | 160829s1996 xx 000 0 cat d | ||
| 020 | |a 84-7794-483-0 | ||
| 080 | |a M-2-280 | ||
| 245 | |a Evolució de la gestió publica : |b actualització 1995 / OCDE [Organització de Cooperació i de Desenvolupament Econòmic] | ||
| 260 | |a Barcelona : |b Diputació de Barcelona ; Paris : |b OCDE, |c 1996 | ||
| 300 | |a 56 p. ; |c 21 cm | ||
| 490 | |a Perspectiva / Diputació de Barcelona ; 4 | ||
| 650 | 0 | |a Administració pública |9 23819 | |
| 710 | 1 | |a Barcelona (Catalunya : Província). |b Diputació |9 52408 | |
| 710 | 2 | |a Organització de Cooperació i Desenvolupament Econòmic |9 54196 | |
| 901 | |a Arxiu | ||
| 942 | |n 1 | ||
| 952 | |0 0 |1 0 |4 0 |6 M2280 |7 1 |9 43516 |a Arxiu |b Arxiu |d 2016-12-01 |l 0 |o M-2-280 |p 11483 |r 2016-12-01 00:00:00 |w 2016-12-01 |y ARXIU | ||
| 999 | |c 46062 |d 46062 | ||